000
00322nam a2200133Ia 4500
008
191201s2006 xx 000 0 und d
100
_a
Deswal, S
245
0
_a
Basic of Biotechnology
250
_a
2nd
260
_c
2006
_b
Dhanpat Rai Pubns (P) Ltd
_a
N.Delhi
300
_a
13.41
650
_a
APPLIED
942
_2
ddc
_c
BB
_0
20
999
_c
7181
_d
7181